000 00908nam a22003257a 4500
001 0038238
003 KOHA_MİRAKIL
005 20260207003055.0
007 ta
008 120824b2000 tu |||grd|||#0|||0|tur |
020 _a9757632058
040 _aTR-BiSEU
_btur
_cTR-BiSEU
_erda
041 0 _atur
044 _ctu
050 _aHB61
_b.A57 2000
100 1 _aİşgüden, Tamer.
245 0 _aAnsiklopedik ekonomi sözlüğü/
_cTamer İşgüden, Rona Turanlı.
250 _a7. bs.
264 1 _aİstanbul :
_bDünya
_c2000
300 _a476 sayfa; 21 cm.
336 _ametin
_btxt
_2rdacontent
337 _aaracısız
_bn
_2rdamedia
338 _acilt
_bnc
_2rdacarrier
490 1 _aSözlük Dizisi ;
_v1.
650 0 _aEkonomi--sözlükler.
_923271
650 0 _aEconomics--Dictionaries.
_918071
830 1 _aSözlük Dizisi ;
_v1.
_922781
907 _aSözlük
942 _2lcc
_cBK
999 _c38085
_d38085